Нелинейные инволюции плоскости, расслаивающиеся в пучках прямых на параллельные переносы; Прогрессивные технологии и экономика в машиностроении

Detaylı Bibliyografya
Parent link:Прогрессивные технологии и экономика в машиностроении.— 2013.— [С. 175-176]
Yazar: Дорошенко И. В.
Müşterek Yazar: Национальный исследовательский Томский политехнический университет (ТПУ) Юргинский технологический институт (филиал) (ЮТИ) Кафедра горно-шахтного оборудования (ГШО)
Diğer Yazarlar: Деманова В. В. (научный руководитель), Боровиков И. Ф. Иван Фёдорович
Özet:Заглавие с экрана
Dil:Rusça
Baskı/Yayın Bilgisi: 2013
Seri Bilgileri:Современные методы проектно-конструкторской деятельности
Konular:
Online Erişim:http://www.lib.tpu.ru/fulltext/c/2013/C57/078.pdf
Materyal Türü: MixedMaterials Elektronik Kitap Bölümü
KOHA link:https://koha.lib.tpu.ru/cgi-bin/koha/opac-detail.pl?biblionumber=606046

MARC

LEADER 00000naa2a2200000 4500
001 606046
005 20231101132401.0
035 |a (RuTPU)RU\TPU\conf\3409 
035 |a RU\TPU\conf\3408 
090 |a 606046 
100 |a 20140515d2013 k y0rusy50 ca 
101 0 |a rus  |g rus 
102 |a RU 
105 |a y z 100zy 
135 |a drcn ---uucaa 
181 0 |a i  
182 0 |a b 
200 1 |a Нелинейные инволюции плоскости, расслаивающиеся в пучках прямых на параллельные переносы  |f И. В. Дорошенко, В. В. Деманова  |g науч. рук. И. Ф. Боровиков 
203 |a Текст  |c электронный 
215 |a 1 файл(252 Кб) 
225 1 |a Современные методы проектно-конструкторской деятельности 
230 |a Электронные текстовые данные (1 файл: 252 Кб) 
300 |a Заглавие с экрана 
320 |a [Библиогр.: с. 176 (2 назв.)] 
337 |a Adobe Reader 
463 1 |0 (RuTPU)RU\TPU\conf\2057  |t Прогрессивные технологии и экономика в машиностроении  |o сборник трудов IV Всероссийской научно-практической конференции с элементами научной школы для студентов и учащейся молодежи, 4-6 апреля 2013 года, Юрга  |f Национальный исследовательский Томский политехнический университет (ТПУ), Юргинский технологический институт (ЮТИ) ; отв. за вып. Д. А. Чинахов  |v [С. 175-176]  |d 2013 
610 1 |a электронный ресурс 
610 1 |a труды учёных ТПУ 
610 1 |a нелинейные методы 
610 1 |a инволюция 
610 1 |a расслаивание 
610 1 |a прямые связи 
610 1 |a параллельные схемы 
610 1 |a переносы 
700 1 |a Дорошенко  |b И. В. 
701 1 |a Деманова  |b В. В. 
702 1 |a Боровиков  |b И. Ф.  |c российский учёный в области механики и инженерной графики  |c доцент Юргинского технологического института (филиал) Томского политехнического университета  |g Иван Фёдорович  |2 stltpush  |4 727 
712 0 2 |a Национальный исследовательский Томский политехнический университет (ТПУ)  |b Юргинский технологический институт (филиал) (ЮТИ)  |b Кафедра горно-шахтного оборудования (ГШО)  |h 2088  |2 stltpush  |3 (RuTPU)RU\TPU\col\18984 
801 1 |a RU  |b 63413507  |c 20101016 
801 2 |a RU  |b 63413507  |c 20140515  |g RCR 
856 4 |u http://www.lib.tpu.ru/fulltext/c/2013/C57/078.pdf 
942 |c BK